00959nam a22002657a 45000010005000000030006000050050017000110080041000280200018000690400029000870500015001160820009001311000020001402450037001602500047001972600038002443000044002825050008003265200238003345210020005725210020005926500030006126500021006427000030006635312FISKH20241125162839.0241125b cb ||||| |||| 00| 0 eng d a9780439891004 aFISKHbengcFISKHdFISKH aPZ7.B82816 a940  aBruchac, Joseph aCode Talker /cby Joseph Bruchac aFirst Scholastic printing , September 2006 aNew York : bScholastic ;c2005.  a230 pages : billustrations ;c20 cm .  aZ  aAfter being taught in a boarding school run by whites that Navajo is a useless language, Ned Begay and other Navajo men are recruited by the Marines to become Code Talkers, sending messages during World War II in their native tongue.8 a910 bLexile 8 aZ bRaz-Plus  aNative AmericansvFiction aMarinesvFiction aRubero , Jasminedesigner